000 00688nam a2200289Ia 4500
005 20260324124659.0
008 008 260324s9999 xx 000 0 eng d
020 _a9780203863497
037 _aEBOOK
040 _aCRL
040 _beng
040 _cCRL
041 _2eng
041 _aeng
084 _qCRL
100 _aRachel Muers; David Grumett
_91175092
245 0 _aTheology on the Menu
245 0 _bAsceticism, Meat and Christian Diet
260 _bTaylor and Francis
260 _c2010
365 _a
365 _b230
856 _uhttp://www.taylorfrancis.com/books/9780203863497
942 _cEBOOK
999 _c1769676
_d1769676